<?xml version="1.0" encoding="UTF-8"?>
<record
    xmlns:xsi="http://www.w3.org/2001/XMLSchema-instance"
    xsi:schemaLocation="http://www.loc.gov/MARC21/slim http://www.loc.gov/standards/marcxml/schema/MARC21slim.xsd"
    xmlns="http://www.loc.gov/MARC21/slim">

  <leader>01082nam a2200229 a 4500</leader>
  <controlfield tag="001">BRCA_7925</controlfield>
  <controlfield tag="005">20190320210044.0</controlfield>
  <controlfield tag="008">060314t2011----u--a###f##---#000-0#eng-#</controlfield>
  <datafield tag="020" ind1=" " ind2=" ">
    <subfield code="a">9781569768174</subfield>
  </datafield>
  <datafield tag="050" ind1=" " ind2="4">
    <subfield code="a">TL410</subfield>
    <subfield code="b">.F68 2011</subfield>
  </datafield>
  <datafield tag="100" ind1="1" ind2=" ">
    <subfield code="a">Fotheringham, William</subfield>
    <subfield code="9">19603</subfield>
  </datafield>
  <datafield tag="245" ind1="1" ind2="0">
    <subfield code="a">Cyclopedia</subfield>
    <subfield code="b">it&#x2019;s all about the bike</subfield>
    <subfield code="c">written by William Fotheringham.</subfield>
  </datafield>
  <datafield tag="260" ind1=" " ind2=" ">
    <subfield code="a">Chicago</subfield>
    <subfield code="b">Chicago Review Press</subfield>
    <subfield code="c">2011</subfield>
  </datafield>
  <datafield tag="300" ind1=" " ind2=" ">
    <subfield code="a">432 p.</subfield>
    <subfield code="b">il., gr&#xE1;ficas, mapas</subfield>
    <subfield code="c">22 cm.</subfield>
  </datafield>
  <datafield tag="500" ind1=" " ind2=" ">
    <subfield code="a">Incluye recorridos de diferentes competencias ciclistas</subfield>
  </datafield>
  <datafield tag="504" ind1=" " ind2=" ">
    <subfield code="a">Bibliograf&#xED;a: p. 431</subfield>
  </datafield>
  <datafield tag="520" ind1="3" ind2=" ">
    <subfield code="a">Esta obra es un compendio de la A a la Z acerca de todo lo que se desea saber sobre la bicicleta, menciona tambi&#xE9;n la historia del Tour de Francia, los r&#xE9;cords mundiales y la legendaria carrera de Lance Armstrong incluidas las sustancias para lograr un mejor rendimiento en las competencias ciclistas</subfield>
  </datafield>
  <datafield tag="650" ind1="1" ind2="4">
    <subfield code="a">Bicicletas</subfield>
    <subfield code="v">Enciclopedias</subfield>
    <subfield code="z">Estados Unidos</subfield>
    <subfield code="9">19604</subfield>
  </datafield>
  <datafield tag="650" ind1="1" ind2="4">
    <subfield code="a">Ciclismo</subfield>
    <subfield code="z">Estados Unidos</subfield>
    <subfield code="9">19605</subfield>
  </datafield>
  <datafield tag="650" ind1="1" ind2="4">
    <subfield code="a">Carreras ciclistas</subfield>
    <subfield code="z">Estados Unidos</subfield>
    <subfield code="9">19606</subfield>
  </datafield>
  <datafield tag="942" ind1=" " ind2=" ">
    <subfield code="2">lcc</subfield>
    <subfield code="c">B</subfield>
  </datafield>
  <datafield tag="999" ind1=" " ind2=" ">
    <subfield code="c">7595</subfield>
    <subfield code="d">7595</subfield>
  </datafield>
  <datafield tag="952" ind1=" " ind2=" ">
    <subfield code="0">0</subfield>
    <subfield code="1">0</subfield>
    <subfield code="4">0</subfield>
    <subfield code="7">0</subfield>
    <subfield code="a">BRCA</subfield>
    <subfield code="b">BRCA</subfield>
    <subfield code="d">2014-03-06</subfield>
    <subfield code="l">0</subfield>
    <subfield code="o">TL410 .F68 2011</subfield>
    <subfield code="p">02786</subfield>
    <subfield code="r">2019-03-22 00:00:00</subfield>
    <subfield code="w">2019-03-22</subfield>
    <subfield code="y">B</subfield>
  </datafield>
</record>
